| 000 | 00449nam a2200181Ia 4500 | ||
|---|---|---|---|
| 008 | 230524s9999 xx 000 0 und d | ||
| 020 | _a9789382332220 | ||
| 082 |
_a530 _bKAR |
||
| 100 |
_aManasi Karkare _942952 |
||
| 245 | 0 | _aApplied Physics-II | |
| 250 | _a1 | ||
| 260 |
_aNew Delhi _bI.K.International _c2013 |
||
| 300 | _a"XI,230p;" | ||
| 500 | _aQuantity Number: 1 | ||
| 650 | _aPhysics | ||
| 700 |
_aRajni Bahuguna _942953 |
||
| 942 | _cBK | ||
| 999 |
_c57912 _d57912 |
||